Repertorio jurídico : locuciones, máximas y aforismos. Latinos y castellanos /
Guardado en:
| Autor Principal: | |
|---|---|
| Formato: | Libro |
| Idioma: | Spanish |
| Publicado: |
Buenos Aires :
Heliasta,
1974
|
| Materias: | |
| Etiquetas: |
Agregar Etiqueta
Sin Etiquetas, Sea el primero en etiquetar este registro!
|
| LEADER | 00480nam a22001335a 4500 | ||
|---|---|---|---|
| 001 | DER.der013242 | ||
| 008 | 180615s1974####ag#||||||||||||||#||spa|| | ||
| 005 | 20251114154132.0 | ||
| 245 | 1 | 0 | |a Repertorio jurídico : |b locuciones, máximas y aforismos. Latinos y castellanos / |c Guillermo Cabanellas de las Cuevas. |
| 260 | |a Buenos Aires : |b Heliasta, |c 1974 | ||
| 300 | |a 220 p. | ||
| 100 | 1 | |a Cabanellas de las Cuevas, Guillermo | |
| 650 | 7 | |a DICCIONARIOS | |
| 859 | |a DERECHO |b BIB. DERECHO |h 340.03 |i CAB |p 008166 | ||
